Online
Catalog

Silas Marner / (Record no. 4395)

MARC details
000 -CABECERA
campo de control de longitud fija 00488cam a2200157 a 4500
001 - NÚMERO DE CONTROL
campo de control 000004587
005 - FECHA Y HORA DE LA ÚLTIMA TRANSACCIÓN
campo de control 20200929151451.0
008 - DATOS DE LONGITUD FIJA--INFORMACIÓN GENERAL
campo de control de longitud fija 830419s1942 nyua 000 0 eng
040 ## - FUENTE DE LA CATALOGACIÓN
Centro catalogador/agencia de origen DO-SdBNP
Lengua de catalogación spa
Centro/agencia transcriptor BNPHU
082 ## - NÚMERO DE LA CLASIFICACIÓN DECIMAL DEWEY
Número de clasificación xxxx
Número de documento/Ítem E42
100 1# - ENTRADA PRINCIPAL--NOMBRE DE PERSONA
Nombre de persona Eliot, George,
Fechas asociadas al nombre 1819-1880.
9 (RLIN) 13012
245 10 - MENCIÓN DE TÍTULO
Título Silas Marner /
Mención de responsabilidad, etc. George Eliot ; adaptado por Mabel Dodge Holmes.
260 ## - PUBLICACIÓN, DISTRIBUCIÓN, ETC.
Lugar de publicación, distribución, etc. New York :
Nombre del editor, distribuidor, etc. Globe Book Company,
Fecha de publicación, distribución, etc. 1942.
300 ## - DESCRIPCIÓN FÍSICA
Extensión 162 p :
Otras características físicas il. ;
Dimensiones 21 cm.
700 1# - PUNTO DE ACCESO ADICIONAL--NOMBRE DE PERSONA
Nombre de persona Dodge Holmes, Mabel,
9 (RLIN) 13383
Holdings
Estado de retiro Estado de pérdida Restricciones de uso No para préstamo Código de colección Localización permanente Ubicación/localización actual Ubicación en estantería Fecha de adquisición Número de inventario Total de préstamos Signatura topográfica completa Código de barras Fecha visto por última vez Precio válido a partir de Tipo de ítem Koha
      Excluido de préstamo Monografías: Libros y Folletos General General En catalogación 23.07.2009 LF1   xxxx E42 4587-10 25.06.2020 25.06.2020 No se presta

Powered by Koha